Statystyki dla Liverpool F.C. 2019/2020

Kliknij tutaj aby rozwiązać quiz!

Ogólne statystyki

  • Ten quiz został rozwiązany 523 razy
  • Średni wynik to 17 z 29

Statystyki odpowiedzi

PozycjaImię i Nazwisko% Poprawnych
NapastnikMohamed Salah
97%
NapastnikSadio Mane
95%
ObrońcaVirgil Van Dijk
94%
NapastnikRoberto Firmino
93%
ObrońcaTrent Alexander-Arnold
91%
ObrońcaAndy Robertson
88%
BramkarzAlisson Becker
86%
PomocnikJordan Henderson
83%
ObrońcaJoel Matip
81%
NapastnikDivock Origi
77%
PomocnikJames Milner
74%
BramkarzAdrian
73%
ObrońcaJoe Gomez
73%
PomocnikFabinho
72%
PomocnikGeorginio Wijnaldum
67%
ObrońcaDejan Lovren
66%
PomocnikNaby Keita
65%
PomocnikXherdan Shaqiri
52%
PomocnikAlex Oxlade-Chamberlain
45%
ObrońcaNathaniel Clyne
38%
PomocnikAdam Lallana
36%
PomocnikCurtis Jones
24%
BramkarzCaoimhin Kelleher
21%
NapastnikRhian Brewster
17%
ObrońcaSepp Van Den Berg
14%
PomocnikHarvey Elliott
13%
BramkarzAndy Lonergan
10%
ObrońcaKi-Jana Hoever
9%
ObrońcaYasser Larouci
5%

Rozkład punktacji

Percentyl według liczby udzielonych odpowiedzi

Procent ludzi z każdym wynikiem

Twoja historia wyników

Nie rozwiązałeś tego quizu